[Event "Moscow Botvinnik Memorial"]
[Site "Moscow"]
[Date "2011.09.02"]
[Round "2"]
[White "Aronian, Levon"]
[Black "Anand, Viswanathan"]
[Result "0-1"]
[WhiteElo "2807"]
[BlackElo "2817"]
[Annotator "Krasenkow,M"]
[PlyCount "96"]
[EventDate "2011.09.02"]
[EventType "tourn (rapid)"]
[EventRounds "6"]
[EventCountry "RUS"]
[EventCategory "23"]
[SourceTitle "CBM 144"]
[Source "ChessBase"]
[SourceDate "2011.09.16"]
[SourceVersion "1"]
[SourceVersionDate "2011.09.16"]
[SourceQuality "1"]

1. d4 d5 2. c4 c6 3. Nc3 Nf6 4. e3 g6 5. Nf3 Bg7 6. h3 O-O 7. Bd3 a6 8. O-O
Nbd7 9. a4 {A rare continuation, with the idea to prevent ...d5xc4 and ...
b7-b5 (as well as the immediate ...b7-b5).} (9. cxd5 {is the most standard
reply to ...Nb8-d7 in such positions, going back to Rubinstein. After} cxd5 {
Black's knight can't immediately occupy the most comfortable c6-square.}) 9...
Re8 (9... dxc4 10. Bxc4 c5 (10... b5 $6 11. axb5 Nb6 12. Bxf7+ $1 Rxf7 13. bxc6
e6 $6 (13... Nbd5 $1 14. Ng5 $36 {S.Atalik}) 14. e4 Rc7 15. Ne5 Qe8 16. Be3
Rxc6 17. Nxc6 Qxc6 18. d5 $16 {1-0 Atalik,S (2584)-Trkulja,G (2317)/Sarajevo
2007/CBM 118 ext (21)}) 11. d5 (11. Re1 $5) (11. Bb3 $5) 11... Nb6 $6 (11...
Ne8 $5 {S.Atalik}) 12. Ba2 Bf5 13. Nh4 (13. Ng5 $1 $16 {[%cal Ye3e4]}) 13...
Ne4 14. Nxf5 gxf5 15. Nxe4 fxe4 16. Qc2 Nxd5 17. Qxe4 e6 18. Bb1 $16 {1/2
Chuprikov,D (2416)-Skorchenko,D (2476)/Voronezh 2005/CBM 106 ext (30)}) 10.
cxd5 {Still!} (10. b3 e5 11. dxe5 Nxe5 12. Nxe5 Rxe5 13. Bb2 Nh5 14. cxd5 Rg5
$132 {0-1 Escobedo Tinajero,A (2397)-Almeida Saenz,A (2365)/Mexico 2001/EXT
2004 (32)}) (10. Qb3 Qb6 11. Qxb6 Nxb6 12. b3 Bf5 13. Bxf5 gxf5 14. c5 Nbd7 15.
Bd2 Ne4 16. Rfc1 e5 $132 {1-0 Lev,R (2460)-Postny,E (2260)/Israel 1999/EXT
2000 (51)}) 10... cxd5 11. Bd2 b6 12. Qe2 $6 {An unfortunate idea - to put the
queen in front of Black's rook.} (12. a5 b5 13. Ne2 Bb7 14. Rc1 Ne4 15. Bb4 Nb8
$1 {[%cal Yb8c6]}) (12. Qb3 $5 Bb7 13. Rac1 Rc8 14. Ne2 {[%cal Yd2b4] was
probably the best attempt to fight for an advantage.}) 12... Bb7 13. Rfd1 e5 $1
{Black's a8-rook can't move but he doesn't need it to create counterplay.} 14.
dxe5 Nxe5 15. Be1 $2 {[%mdl 8192]} (15. Nxe5 $142 Rxe5 16. Be1 d4 $140 17. Bc4
$1) 15... Nxf3+ 16. Qxf3 Qb8 $1 {[%cal Rd5d4] White's poor queen has no
retreat which will prevent ...d5-d4!} 17. Qf4 Qxf4 18. exf4 {[%csl Gd5] Black
now has practically an extra pawn in the centre. Together with White's
queenside weaknesses (the b3-square e.g.) that is quite enough for a victory.}
Nd7 $1 19. a5 Nc5 {[%cal Re8e1]} 20. Bf1 b5 21. f3 Nb3 22. Rab1 (22. Ra2 d4 23.
Ne4 Bd5 {[%csl Gd5][%cal Rb3d2]}) (22. Ra3 Nd4 $1 {[%cal Rd4c2,Rb5b4]} 23. Bf2
Nc2 24. Rb3 d4 25. Ne4 Bd5 26. Rbd3 f5 27. Nc5 Rac8 $1 28. Nxa6 Bb7 $19) 22...
Nxa5 {Winning a pawn.} 23. Bf2 Nc4 24. Bd4 Ne3 25. Rd3 Bxd4 26. Rxd4 Rac8 27.
Bd3 Kg7 28. Kf2 Nc4 29. Ne2 Nd2 $2 {A tactical mistake complicating Black's
task. However, White misses his chance.} (29... a5 $142 $19) 30. Rd1 $2 (30.
Bxb5 $1 Rxe2+ 31. Bxe2 Nxb1 32. Rd1 Nc3 33. bxc3 Rxc3 34. Ra1 $17) 30... Nb3
31. Rb4 Nc5 32. Rd4 Bc6 33. f5 a5 34. Bb1 b4 35. h4 Ba4 36. Rh1 Bb3 37. fxg6
hxg6 38. h5 Ne6 39. hxg6 fxg6 40. Rd2 Bc4 41. Rh4 Kf6 42. Rh6 Rg8 43. Nd4 Nxd4
44. Rxd4 a4 45. Rh7 a3 46. bxa3 bxa3 47. Rf4+ Ke5 48. g3 Rb8 0-1

[Event "Moscow Botvinnik Memorial"]
[Site "Moscow"]
[Date "2011.09.03"]
[Round "5"]
[White "Anand, Viswanathan"]
[Black "Aronian, Levon"]
[Result "1-0"]
[WhiteElo "2817"]
[BlackElo "2807"]
[Annotator "RR"]
[PlyCount "75"]
[EventDate "2011.09.02"]
[EventType "tourn (rapid)"]
[EventRounds "6"]
[EventCountry "RUS"]
[EventCategory "23"]
[SourceTitle "CBM 144"]
[Source "ChessBase"]
[SourceDate "2011.09.16"]
[SourceVersion "1"]
[SourceVersionDate "2011.09.16"]
[SourceQuality "1"]

1. e4 e5 2. Nf3 Nc6 3. Bb5 a6 4. Ba4 Nf6 5. O-O Be7 6. Re1 b5 7. Bb3 O-O 8. h3
Bb7 9. d3 d6 10. a3 Nb8 {Diese Umgruppierung ist ein wenig umstritten und
sieht man heute eher selten, aber sogar Anand selbst hat schon so gespielt.}
11. Nbd2 Nbd7 12. Nf1 Re8 13. Ne3 h6 14. Ba2 Bf8 15. Nh2 Nc5 16. Nhg4 Nxg4 {
Man hat den Eindruck, dass Weiß derart ein Tempo gewinnt.} ({Bisher hat sich} 
16... Ne6 17. Nf5 Kh7 {bewährt, der Plan ist ...Nxg4 und ...g6.}) 17. Qxg4 Ne6
18. h4 $1 Bc8 19. h5 {Das hätte nicht geeilt, Weiß verliert die Kontrolle über
g5.} ({Einfach} 19. Nf5 {sieht gut aus.}) 19... c6 20. Nf5 Kh8 ({Hier würde} 
20... Ng5 $1 {das Spiel nahezu ausgleichen.}) 21. Be3 d5 22. Qf3 $1 Ng5 {
Das ist im Prinzip ein Bauernopfer.} ({Vermutlich war} 22... Bb7 {Aronian zu
passiv.}) 23. Bxg5 Qxg5 24. Ne3 Re6 $5 ({Korrekt ist} 24... f5 $1 {So
verbleibt nur} 25. Nxf5 $5 ({nach} 25. exf5 Bc5 {besitzt Schwarz genügend
Spiel für den Bauern.} 26. Nxd5 $2 (26. Bxd5 $2 cxd5 27. Qxd5 Qe7 $19) 26...
cxd5 27. Qxd5 Qe7 28. Qxa8 Bb7 $19) (25. exd5 f4 26. Nf1 Bg4 {sofort zum Remis}
) 25... Bc5 {, aber auch dann ist es fraglich, ob Weiß Vorteil besitzt.}) 25.
exd5 Rf6 26. Qe2 Bh3 $5 {Der Angriff ist vermutlich gefährlicher als er
aussieht, aber objektiv unkorrekt.} 27. dxc6 Rd8 28. b4 Rd4 29. c3 Rdf4 30. Bd5
Bd6 (30... Rxf2 31. Qxf2 Rxf2 32. Kxf2 $18) 31. f3 (31. Be4 $6 Rxf2 32. Qxf2
Rxf2 33. Kxf2 f5 34. Bd5 f4 $36) 31... e4 $1 32. Bxe4 Rh4 $1 33. Kf1 $2 (33. g4
g6 34. hxg6 h5 35. Nd5 Bxg4 36. fxg4 Rxg4+ 37. Bg2 Rxg6 38. Ne3 Rg3 39. Ra2 h4
40. Nf1 h3 41. Nxg3 Qxg3 42. Qf2 Qh2+ 43. Kf1 hxg2+ 44. Qxg2 Rxg2 45. Rxg2 {
Vielleicht hält Weiß geradeso remis.}) ({Nach} 33. Nf1 $1 {steht Weiß wohl auf
Gewinn, aber in einer Schnellschachpartie ist noch vieles möglich.} Re6 (33...
Bc8 34. Qe3 Qxh5 35. Qb6 Rh1+ 36. Kf2 Qh4+ 37. Ke2 Re6 38. Kd2 $18) 34. Qf2 Bc7
35. Re2 f5 36. Bd5 Bxg2 37. Qxh4 Qxh4 38. Rxe6 Qd8 39. Ne3 $18) 33... Bf4 $2 ({
Nach} 33... Qxh5 $1 {wäre Weiß in Schwierigkeiten gewesen, denn} 34. gxh3 $2 (
34. Kf2 Qg5 35. Rh1 Bxg2 36. Nxg2 Qg3+ 37. Ke3 Qg5+ 38. Kf2 {mit remis}) 34...
Rxh3 {ist schon besser für Schwarz.}) 34. gxh3 Rxh3 35. Qg2 Rg3 36. Qf2 Re6 37.
Nf5 Rh3 38. Qg2 1-0

[Event "Grand Slam Final 4th"]
[Site "Sao Paulo/Bilbao"]
[Date "2011.09.28"]
[Round "3"]
[White "Anand, Viswanathan"]
[Black "Ivanchuk, Vassily"]
[Result "0-1"]
[WhiteElo "2817"]
[BlackElo "2765"]
[Annotator "Moradiabadi,E"]
[PlyCount "138"]
[EventDate "2011.09.26"]
[EventType "tourn"]
[EventRounds "10"]
[EventCountry "BRA"]
[EventCategory "22"]
[SourceTitle "CBM 145"]
[Source "ChessBase"]
[SourceDate "2011.11.11"]
[SourceVersion "1"]
[SourceVersionDate "2011.11.11"]
[SourceQuality "1"]

1. e4 e5 2. Nf3 Nc6 3. Bb5 f5 {This is the Tabiya move of the "Schliemann
Defence". It is a rare guest at the top though, it has been seen in the
repertoire of Azeri Super-GM Teimor Radjabov, who is using it successfully.
What, I wonder, did Ivanchuk choose to abandon to try it instead?!} 4. d3 {
This is the solidest approach. There are a lot of fireworks in this opening,
from Anand refrains from facing.} (4. Nc3 fxe4 5. Nxe4 d5 6. Nxe5 dxe4 7. Nxc6
Qg5 8. Qe2 Nf6 9. f4 Qxf4 10. d4 Qd6 11. Ne5+ c6 12. Bc4 Be6 13. c3 Bxc4 14.
Qxc4 Qd5 15. Qb3 {1-0 (66) Karjakin,S (2776) -Nisipeanu,L (2659) Medias 2011.
This is what has to be investigated and will become one of the main positions
in this developing opening.}) 4... fxe4 5. dxe4 Nf6 6. O-O {There are other
options such as:} (6. Qd3 Bb4+ 7. c3 Be7 8. Bxc6 dxc6 9. Qxd8+ Bxd8 10. O-O O-O
{1/2-1/2 (46) Karjakin,S (2760)-Aronian,L (2801) Moscow 2010. Which yields
positions similar to the Spanish Exchange.}) (6. Be3 $5 {was another
interesting recent novelty by another Azeri Super-GM!} Bb4+ 7. c3 Be7 8. Bxc6
bxc6 9. Nxe5 Ba6 10. Nd2 Rb8 11. Qa4 Qc8 12. O-O-O {1-0 (23) Gashimov,V (2760)
-Azarov,S (2648) Khanty Mansiysk 2011. With a much preferable position for
White.}) 6... Bc5 7. Nc3 ({Another alternative is} 7. Qd3 d6 (7... Nd4 {
This rare move is bound to become fashionable, both as a result of Black's
success and the engines' support of it.} 8. Nxd4 Bxd4 9. Nd2 a6 10. Ba4 Qe7 11.
Nf3 Bb6 12. Bg5 O-O 13. Bxf6 gxf6 14. Nh4 d6 $132 {1/2-1/2 (31) Nisipeanu,L 
(2659) -Radjabov,T (2744) Medias 2011}) 8. Qc4 {would lead to a long
theoretical battle.}) 7... O-O 8. Bg5 d6 9. Nd5 Kh8 10. c3 {A rare choice but
still a lot of theory.} Ne7 11. Nxf6 gxf6 12. Be3 Bxe3 13. fxe3 Ng6 {White's
doubled pawns on the e-file are Black's compensation for his backward pawn on
f6. Tit for tat!} 14. Nd2 c6 15. Bd3 Be6 16. Rf2 Qb6 17. Nf1 Rf7 {Both parties
are regrouping their pieces.} 18. Qh5 Rg8 19. Re1 d5 ({The greedy} 19... Bxa2 {
could causes Black some problems such as} 20. Ng3 {However after} Be6 {White
has nothing more than "compensation".} (20... Ne7 $2 21. b3 $1 Bxb3 (21... Qxb3
22. Ra1 {and the bishop is trapped.}) 22. Rb1 Qxe3 23. Rxb3 {with a winning
position for White.})) 20. Ng3 $6 {I believe that this where Anand starts to
go astray. The position is still balanced but it is Black now who is dictating
the game. This is a fact that Anand seemed to refuse to acknowledge during the
game.} (20. exd5 cxd5 21. Bf5 {would have resulted in a dynamic equilibrium.} (
21. Ng3 $6 e4 22. Bb1 Ne5 {causes White trouble.})) 20... d4 21. exd4 exd4 22.
e5 $2 {Optimism? miscalculation? This is too much. Anand loses a pawn and the
pin on f2 will become a deadly weapon in Black's hand.} dxc3 23. Bxg6 Rxg6 24.
bxc3 Bg4 25. Qh4 fxe5 26. Ne4 Be6 27. Kh1 Rxf2 28. Nxf2 Qb2 29. Rd1 Qe2 30. h3
h6 $6 {This just makes things a bit shaky. Instead, Ivanchuk could place his
bishop on tthe excellent post of d5. This multi-purpose move closes the d-file
and attacks the g2 point at the same time.} (30... Bd5 $1 31. Qd8+ Kg7 32. Qe7+
Bf7 {And White's queen retreat is mandatory.} 33. Qh4 h5 $1 {followed by ...
Bd5 which this time is deadly because this time Black's king is sheltered on
the h-file. Who can blame Ivanchuk for not seeing this in time trouble?!}) 31.
Kh2 Qe3 $6 {This seems like a waste of time but it is crucial to take drastic
measures from a human point of view.} 32. Rd8+ Kh7 33. Rb8 $6 (33. a4 {could
keep White in the game.}) 33... Rg7 34. Rf8 Qg5 35. Qe4+ Qg6 36. g4 Bxa2 {
Ivanchuk could have played this after trading queens and made it easier on
himself.} 37. Qxe5 Qe6 38. Qf4 Rf7 39. Rxf7+ Qxf7 40. Qe4+ Kg7 41. Nd3 Qc7+ 42.
Ne5 Qd6 43. Kg3 a5 $1 {The free pawn has to be pushed!} 44. Qf4 a4 45. g5 hxg5
46. Qxg5+ Kf8 $1 {After time trouble, Ivanchuk's nerves are calm. This is the
most accurate.} 47. c4 c5 48. Qf5+ Ke7 49. Kg2 Bb3 $6 {Loss of a tempo?} 50.
Qe4 b6 (50... a3 {would have sealed White's fate much earlier.} 51. Qxb7+ Ke6
52. Qxb3 Qd2+ 53. Kf3 a2 $3 {And Black wins!} 54. Nd3 Kf5 $3 {Look at the
position! It is insane!}) 51. Ng4+ {Now Black is clearly winning and Ivanchuk
gradually converts his advantage.} Qe6 52. Qb7+ Kf8 53. Qb8+ Kg7 54. Qc7+ Kg6
55. Qf4 Bc2 56. Qh6+ Kf7 57. Qf4+ Kg7 58. Qc1 Be4+ 59. Kg3 Qd6+ 60. Kh4 Qe7+
61. Kg3 Qd6+ 62. Kh4 Kf7 63. Qb2 Bf5 64. Qf2 Kg6 65. Qa2 Bxg4 66. hxg4 Qd8+ 67.
Kg3 Qd3+ 68. Kh4 a3 69. Qa1 Kf7 0-1

[Event "Grand Slam Final 4th"]
[Site "Sao Paulo/Bilbao"]
[Date "2011.10.01"]
[Round "5"]
[White "Anand, Viswanathan"]
[Black "Aronian, Levon"]
[Result "1/2-1/2"]
[WhiteElo "2817"]
[BlackElo "2807"]
[PlyCount "82"]
[EventDate "2011.09.26"]
[EventType "tourn"]
[EventRounds "10"]
[EventCountry "BRA"]
[EventCategory "22"]
[SourceTitle "CBM 145"]
[Source "ChessBase"]
[SourceDate "2011.11.11"]
[SourceVersion "1"]
[SourceVersionDate "2011.11.11"]
[SourceQuality "1"]

1. e4 e5 2. Nf3 Nc6 3. Bb5 a6 4. Ba4 Nf6 5. O-O Be7 6. d3 b5 7. Bb3 d6 8. a4 b4
9. Nbd2 Na5 10. Ba2 c5 11. c3 Rb8 12. Nc4 O-O 13. Nxa5 Qxa5 14. Bd2 bxc3 15.
Bxc3 Qd8 16. Nd2 Be6 17. Nc4 Qc8 18. Qf3 Bg4 19. Qe3 Be6 20. Qe2 Rd8 21. a5 Qc6
22. Nb6 Rb7 23. Bxe6 fxe6 24. Rac1 Qe8 25. b4 cxb4 26. Bxb4 d5 27. Bc3 Bd6 28.
f4 dxe4 29. fxe5 exd3 30. Qe3 Nd5 31. Nxd5 exd5 32. Qxd3 Bc5+ 33. Bd4 Qb5 34.
Rc3 Qxd3 35. Rxd3 Bxd4+ 36. Rxd4 Rb5 37. Rc1 Rxa5 38. e6 Rb5 39. Rc6 a5 40. h3
h6 41. Ra6 Rb7 1/2-1/2

[Event "Grand Slam Final 4th"]
[Site "Sao Paulo/Bilbao"]
[Date "2011.10.07"]
[Round "7"]
[White "Anand, Viswanathan"]
[Black "Nakamura, Hikaru"]
[Result "1/2-1/2"]
[WhiteElo "2817"]
[BlackElo "2753"]
[Annotator "Edouard,R"]
[PlyCount "72"]
[EventDate "2011.09.26"]
[EventType "tourn"]
[EventRounds "10"]
[EventCountry "BRA"]
[EventCategory "22"]
[SourceTitle "CBM 145"]
[Source "ChessBase"]
[SourceDate "2011.11.11"]
[SourceVersion "1"]
[SourceVersionDate "2011.11.11"]
[SourceQuality "1"]

1. e4 e5 2. Nf3 Nc6 3. Bb5 Nf6 4. O-O Nxe4 5. d4 Nd6 6. Bxc6 dxc6 7. dxe5 Nf5
8. Qxd8+ Kxd8 9. Nc3 Ke8 10. h3 h5 11. Bf4 Be7 12. Rad1 Be6 13. Ng5 Rh6 14. g3
Bxg5 15. Bxg5 Rg6 16. h4 f6 17. exf6 gxf6 18. Bf4 Nxh4 19. f3 Rd8 20. Rxd8+
$146 (20. Kf2 {was played in Motylev-Malakhov 2011, with a draw a few moves
later.}) 20... Kxd8 21. Kf2 Nf5 22. Rh1 Ng7 23. Bd2 (23. b3 $5 {was the way to
keep all the pawns:} Bf5 24. Nd1 $1 {The c2-pawn is untouchable. But White's
knight is still far from the f4/h4-squares, and I believe Black should hold
just playing passively. For example:} Be6 (24... Bxc2 $2 25. Ne3 Bf5 {The only
move.} 26. Ng2 $1 $16) 25. Bc1 b6 {and Black will face} 26. Ne3 {by playing}
Bf7 ({or} 26... Rg5 $5) 27. Ng2 Ne8 28. Nf4 Rg5 {and I don't see how White can
get more than some strategical draw. Black's rook still has many squares,
especially f5.}) 23... Bf5 24. Nd1 Bxc2 25. Ne3 Bd3 26. Ng2 Ne6 {Black had to
give up the h-pawn, which is a good achievement by White (by far worth the
c2-pawn). Even so, Black is up a pawn, though I think the position is a dead
draw. White cannot risk too much on the kingside since he's a pawn down, and
Black cannot insist either, since White's majority is simply stronger than
Black's. Furthermore, White is simply much more active. My feeling is that the
position is equal.} 27. Rxh5 Rg7 28. Bc3 Ke7 29. Rh6 Rf7 30. g4 Bb1 31. a3 f5 {
A drawish move, and though he is not worse by any means, Black can never hope
for more.} 32. g5 $1 {Giving a second pawn, but White clearly has enough
activity to draw.} Nxg5 33. Nf4 Ke8 34. Rg6 Nh7 35. Rg8+ Rf8 36. Rg7 Rf7 {
Naka's famous comment after the game, "Thanks to Kramnik I was able to just
play something silly like the Berlin and draw against the World Champion
relatively effortlessly." actually says a lot : )} 1/2-1/2

[Event "Grand Slam Final 4th"]
[Site "Sao Paulo/Bilbao"]
[Date "2011.10.10"]
[Round "9"]
[White "Aronian, Levon"]
[Black "Anand, Viswanathan"]
[Result "1-0"]
[WhiteElo "2807"]
[BlackElo "2817"]
[Annotator "Edouard,R"]
[PlyCount "49"]
[EventDate "2011.09.26"]
[EventType "tourn"]
[EventRounds "10"]
[EventCountry "BRA"]
[EventCategory "22"]
[SourceTitle "CBM 145"]
[Source "ChessBase"]
[SourceDate "2011.11.11"]
[SourceVersion "1"]
[SourceVersionDate "2011.11.11"]
[SourceQuality "1"]
[TimeControl "40/5400+10:3600+10"]

1. d4 Nf6 2. c4 e6 3. Nf3 d5 4. Nc3 dxc4 5. e4 Bb4 6. Bxc4 Nxe4 7. O-O {
First surprise!} Nf6 ({Normally people play} 7... Nxc3 8. bxc3 Be7 {which is
supposed to be fine for Black.}) 8. Qa4+ Nc6 9. Bg5 $1 $146 (9. Ne5 {was the
usual move, but after} Rb8 $1 {Black was fine in Halkias-Fressinet (2010).})
9... Be7 10. Bxf6 Bxf6 11. d5 exd5 12. Rfe1+ Be6 13. Bxd5 (13. Ba6 $1 {was
simply strong in my opinion: I don't know how Black should defend. Of course
White isn't winning, as Black can play either ...bxa6 and ...Kf8, or ...0-0
and ...Be7 (to sac the exchange) which only gives White a small yet stable
plus. Aronian probably judged the move insufficient, but I think it may be
best, since Black was just fine at some point in the game, in my opinion.})
13... O-O 14. Bxe6 fxe6 15. Rad1 {An interesting try... but the more I look at
it, the more I prefer my 13.Ba6!} (15. Rxe6 {should be slightly better for
White "by default", due to the pawn structure and better activity, but after
something like} Qd7 16. Re2 Kh8 {it should of course not be a big deal at all.}
) 15... Qe8 (15... Qe7 {first made sense: what is White supposed to do here?
Anyway, Black's queen will go to f7, and 16.Nd5 is just equal. So why not win
a tempo just in case 16.Ne4 is played?} 16. Qb3 (16. Nd5 Qf7 17. Nxf6+ Qxf6 $11
) 16... Rad8 $1 17. Qxb7 Nd4 {and Black has enough counterplay to compensate
for his pawn structure.}) 16. Ne4 (16. Qb3 Rd8 (16... Qf7 $5 17. Qxb7 Nd4 {
is also possible.}) 17. Qxb7 Nd4 {is unclear.}) 16... Qe7 $6 (16... Rd8 $1 17.
Qb3 Qf7 18. Qxb7 Nd4 {was again the way: Black has good counterplay.}) 17. Qb3
Rab8 $6 {Black is being too passive. He should play ...Rd8 at some point. But
from a human point of view it is probably extremely difficult to sac the b7
pawn: Black's structure becomes extremely ugly as a result. In fact, it is
possibly only at home that one can to evaluate whether ...Nd4 will give enough
counterplay. Or maybe Anand evaluated correctly but felt that passive play was
enough to equalise. Difficult to say! But in Bilbao everyday somebody loses
for being too passive! This round was Anand's turn...} (17... Rad8 {should be
played, again. Though Black lost some tempi, he should hold:} 18. Qxb7 Nd4 19.
Neg5 $5 Rb8 20. Qxa7 Ra8 $1 21. Qb7 Rfb8 22. Qe4 Nxf3+ 23. Nxf3 Rxa2 $11) 18.
Nxf6+ Rxf6 19. Ng5 {Now Black is under pressure.} Qb4 $6 {Not accurate, since
it seems Black has to play ...g6 on the next move, which is not good news.} (
19... Kh8 {seems quite logical, but somehow Black needs to play ...Nd4 in good
circumstances in order to equalise at some point, which he is unable to do:}
20. Rc1 (20. Re3 $5) 20... Qd7 21. Nxe6 Nd4 22. Nc5 $1 {and White is still
quite dominating thanks to his space advantage.}) 20. Qc2 Rg6 $6 {Too
artificial, but of course playing 20...g6 is a very unpleasant choice.} (20...
g6 21. Re4 Qe7 22. Rde1 e5 (22... Nd8 23. h4 {is very unpleasant for Black who
is just defending.}) 23. f4 Rf5 24. b4 $1 {and Black's position looks simply
bad.}) (20... Rh6 $2 21. Rxe6 $18) 21. Re4 Qa5 (21... Qe7 {should be the only
move, but of course after something like} 22. h4 Rd8 23. Rd3 Rxd3 24. Qxd3 Qd8
25. Qb3 {Black has huge problems.}) 22. h4 {Now it gets disastrous.} Re8 23.
Rd7 h6 24. b4 $5 (24. Re3 $18) 24... Qf5 (24... Qb5 25. a4 Nxb4 26. Qxc7 Nd5
27. axb5 Nxc7 28. Nf3 Nxb5 29. Ne5 Rf6 30. Rg4 $18) 25. Rxe6 $1 {Of course a
terrible tournament for the World Champion, but let's not forget how difficult
it is to play somewhere just months before a World Championship match!} 1-0